Structural, Civil, and Pipe Drafting for CAD Technicians

Đã lưu trong:
Bibliografiske detaljer
Hovedforfatter: Goetsch, David L.
Format: Bog
Sprog:Undetermined
Udgivet: Australia Thomson 2004
Fag:
Tags: Tilføj Tag
Ingen Tags, Vær først til at tagge denne postø!
Thư viện lưu trữ: Trung tâm Học liệu Trường Đại học Cần Thơ
LEADER 00515nam a2200181Ia 4500
001 CTU_213585
008 210402s9999 xx 000 0 und d
082 |a 624 
082 |b G599 
100 |a Goetsch, David L. 
245 0 |a Structural, Civil, and Pipe Drafting for CAD Technicians 
245 0 |c David L. Goetsch 
260 |a Australia 
260 |b Thomson 
260 |c 2004 
650 |a Engineering drawings,Mechanical drawing 
904 |i Năm 
980 |a Trung tâm Học liệu Trường Đại học Cần Thơ